Plantation forestry in the tropics (Registro nro. 319046)

Detalles MARC
000 -ENCABEZADO
Número de control [NR] 00914nam a2200229 a 4500
005 - FECHA Y HORA DE LA ÚLTIMA TRANSACCIÓN
control field 20210910104616.0
008 - DE LONGITUD FIJA DE DATOS DE ELEMENTOS - INFORMACIÓN GENERAL
Elementos de longitud fija [NR] 120830s2004 enka|||gr|||| 00| 0 eng d
020 ## - NUMERO INTERNACIONAL NORMALIZADO PARA LIBROS [R]
Número Internacional Normalizado del libro [NR] 9780198509479
040 ## - FUENTE DE CATALOGACION [NR]
Agencia de catalogación original [NR] CO-BoUCM
Idioma de catalogación [NR] spa
Quien Cataloga Deissy Garcia
Quien Clasifica Deissy Garcia
041 ## - CODIGO DE IDIOMA [R]
Código de idioma para texto/pista de sonido o título separado [R] Inglés
100 ## - ASIENTO PRINCIPAL--NOMBRE PERSONAL [NR]
Nombre personal [NR] Evans, Julian
ID Autoridad 104569
245 10 - MENCION DE TITULO [NR]
Título [NR] Plantation forestry in the tropics
Parte restante del título [NR] the role, silviculture, and use of planted forests for industrial, social, environmental, and agroforestry purposes
Mención de responsabilidad, etc. [NR] Julian Evans, John W. Turnbull
250 ## - MENCION DE EDICION [NR]
Mención de edición [NR] 3a.Ed.
260 ## - PUBLICACION, DISTRIBUCION, ETC. (PIE DE IMPRENTA) [R]
Lugar de publicación, distribución, etc. [R] Oxford
Nombre del editor, distribuidor, etc. [R] Oxford University Press
Fecha de publicación, distribución, etc. [R] 2004
300 ## - DESCRIPCION FISICA [R]
Extensión [R] xiii, 467 páginas
Otros detalles físicos [NR] ilustraciones
504 ## - NOTA DE BIBLIOGRAFIA, ETC. [R]
Nota de bibliografía, etc. [NR] Incluye referencias bibliográficas
650 #7 - ASIENTO SECUNDARIO DE MATERIA - TERMINO TEMATICO [R]
Término temático o nombre geográfico como elemento de entrada [NR] Árboles
Subdivisión geográfica [R] Zona tropical
9 (RLIN) 105801
650 #7 - ASIENTO SECUNDARIO DE MATERIA - TERMINO TEMATICO [R]
Término temático o nombre geográfico como elemento de entrada [NR] Bosques y silvicultura
Subdivisión geográfica [R] Zona tropical
9 (RLIN) 105802
700 ## - ASIENTO SECUNDARIO - NOMBRE PERSONAL [R]
Nombre personal [NR] Turnbull, JW
9 (RLIN) 105803
942 ## - ELEMENTOS DE ENTRADA AGREGADOS (KOHA)
Tipo de ítem principal el descrito en 300a Libro
Sistema de clasificación DEWEY
Tema principal Ciencias puras
Edición 3
Clasificación 634.9
Parte restante de la signatura top. E924p
Título oculto en OPAC No
Existencias
Fecha de último préstamo Total préstamos Total Renewals Signatura topográfica Código de barras Última vez visto Volúmen / Fascículo Ejemplar Costo de reposición Price effective from Tipo de ítem Nota pública (OPAC) Perdido Sistema de clasificación Dañado No prestable Tipo de ítem específico Suprimido Ubicación habitual Ubicación actual Localización Fecha de creación Proveedor Forma de adquisición Costo
01/02/2022 2 8 634.9 E924p 100168009 12/12/2025 3a.Ed. Ej.1 387890.00 09/09/2021 Libro Spot Ciencias Naturales   DEWEY     Libro   Quinta de Mutis Quinta de Mutis 3er piso 09/09/2021 157 Compra 387890.00